| 000 | 00722nam a2200253Ia 4500 | ||
|---|---|---|---|
| 003 | OSt | ||
| 005 | 20221005044651.0 | ||
| 006 | a|||||r|||| 00| 0 | ||
| 007 | ta | ||
| 008 | 221004b |||||||| |||| 00| 0 eng d | ||
| 024 | _a71932 | ||
| 037 | _cTextual | ||
| 040 |
_aCRL _cCRL _beng |
||
| 041 |
_2eng _aeng |
||
| 082 | _aV44974:192.N9, N3 | ||
| 100 |
_aBHATTARAI DINESH _9592759 |
||
| 245 | 0 |
_aNepal India _b Democracy in the making of natural trust |
|
| 260 |
_aJAIPUR _bNIRALA 1993 _c1993 |
||
| 300 |
_a320P. _ccm. |
||
| 650 | _aHISTORY | ||
| 700 |
_a KHATIEADA PRADIP _9592760 |
||
| 942 |
_hV44974:192.N9, N3 _cTEXL _2cc |
||
| 999 |
_c953758 _d953758 |
||